000
00228nam a2200097Ia 4500
001
657158
005
20250826154610.0
008
250824s9999 xx 000 0 und d
245
0
_a
BUZ BEBEKLER
_c
MİYASE SERTBARUT
260
_b
TUDEM
999
_c
657158
_d
657158